Fertility status of rubber growing soils of Muvattupuzha taluk in Kerala (Record no. 59362)

MARC details
000 -LEADER
fixed length control field 00533nam a2200205Ia 4500
100 ## - MAIN ENTRY--AUTHOR NAME
Personal name Ambily K K
245 #0 - TITLE STATEMENT
Title Fertility status of rubber growing soils of Muvattupuzha taluk in Kerala
260 ## - PUBLICATION, DISTRIBUTION, ETC. (IMPRINT)
Name of publisher Rubber Board Bulletin
Year of publication 2000
300 ## - PHYSICAL DESCRIPTION
Number of Pages 42-45
650 ## - SUBJECT ADDED ENTRY--TOPICAL TERM
Topical Term Fertility status
650 ## - SUBJECT ADDED ENTRY--TOPICAL TERM
Topical Term Kerala
650 ## - SUBJECT ADDED ENTRY--TOPICAL TERM
Topical Term Muvattupuzha
650 ## - SUBJECT ADDED ENTRY--TOPICAL TERM
Topical Term Rubber soils
700 ## - ADDED ENTRY--PERSONAL NAME
Personal name Jacob M
700 ## - ADDED ENTRY--PERSONAL NAME
Personal name Karthikakuttyamma M
700 ## - ADDED ENTRY--PERSONAL NAME
Personal name Mary C P
700 ## - ADDED ENTRY--PERSONAL NAME
Personal name Mathew V
942 ## - ADDED ENTRY ELEMENTS (KOHA)
Koha item type Journals
Holdings
Withdrawn status Lost status Damaged status Not for loan Home library Current library Shelving location Date acquired Serial Enumeration / chronology Koha item type
      Journals RRII Library RRII Library Soils and agonomy 17/12/2021 Volume 27, Issue 4 Journals